000 014800000a22002530004500
020 _a978-607-16-1003-4
041 0 _aSPA
082 0 4 _aG 305.52 E422s
100 1 _aElias, Norbert
245 1 0 _aLa sociedad cortesana / Norbert Elias ; Traducido por Guillermo Hirata
250 _asegunda edición
260 _aMéxico: Fondo de Cultura Económica
300 _a368 páginas
440 0 _aColección: Sección de obras de sociología
500 _aTítulo original en alemán: Die hofische Gesellschaft
501 _arústico
505 0 0 _aPrefacio -- Introducción: Sociología y ciencia de la historia -- Nota preliminar sobre la problemática -- Estructuras habitacionales como índice de estructuras sociales -- Las peculiaridades del entramado cortesano - aristocrático -- Etiqueta y ceremonial: conducta y mentalidad de hombres como funciones de las estructuras de poder de su sociedad -- La vinculación del rey por la etiqueta y las oportunidades de prestigio -- Devenir y cambio de la sociedad cortesana francesa, como funciones de los globales desplazamientos sociales de poder -- Sobre la génesis social del romanticismo aristocrático en el curso del acortesanamiento -- Sobre la génesis social de la Revolución -- Apéndices
650 1 4 _aSOCIOLOGIA \ CLASE MEDIA \ ESTRUCTURA SOCIAL - HISTORIA
001 18477
942 _cBK
999 _c44906
_d44906
336 _atexto
_btxt
_2rdacontent
337 _2rdamedia
_asin mediación
_bn
338 _2rdacarrier
_avolumen
_bnc